Transformácia inštitucionálnej štruktúry bankového dohľadu v kontexte vstupu do Európskej únie

Salvato in:
Dettagli Bibliografici
Autore principale: Bačová, Monika
Natura: Capitolo di libro
Lingua:slovacco
Tags: Aggiungi Tag
Nessun Tag, puoi essere il primo ad aggiungerne!!

MARC

LEADER 00000naa$a2200000$$$4500
001 0096507
005 20240502072054.8
041 0 |a slo 
044 |a SK 
245 1 0 |a Transformácia inštitucionálnej štruktúry bankového dohľadu v kontexte vstupu do Európskej únie  |c Monika Bačová 
100 1 |a Bačová, Monika